|
|
|
|
| LEADER |
00634nta a2200205 i 4500 |
| 001 |
dokt3294 |
| 005 |
20240903112643.0 |
| 008 |
170104s1962 hu om 000 hun d |
| 024 |
7 |
|
|a 31410167
|2 mtmt
|
| 040 |
|
|
|a SZTE Doktori Repozitórium
|b hun
|
| 041 |
|
|
|a hun
|
| 100 |
1 |
|
|a Kristó Gyula
|
| 245 |
1 |
0 |
|a Anjou-kori krónikáink
|h [elektronikus dokumentum] /
|c Kristó Gyula
|
| 260 |
|
|
|c 1962
|
| 300 |
|
|
|a 290
|
| 502 |
|
|
|a Disszertacio
|
| 650 |
|
4 |
|a történelemtudományok
|
| 650 |
|
4 |
|a Történettudomány
|
| 700 |
0 |
1 |
|a Nincs megadva
|e ths
|
| 856 |
4 |
0 |
|u https://doktori.bibl.u-szeged.hu/id/eprint/3294/1/1962_kristo_gyula.pdf
|z Dokumentum-elérés
|